Discrete choice experiments in marketing : use of priors in efficient choice designs and their application to individual preference measurement /

Bibliographic Details
Main Author: Zwerina, Klaus, 1967-
Format: Book
Language:English
Published: Heidelberg ; New York : Physica-Verlag, 1997.
Series:Contributions to management science.
Subjects:

MARC

Tag First Indicator Second Indicator Subfields
LEADER 00000cam a22000008a 4500
001 in00001403324
005 20151020055455.0
008 970821s1997 gw b 000 0 eng
010 |a  97036993  
020 |a 3790810452 (pbk.) 
035 |a (OCoLC)37553693 
035 |9 AHN4559AM 
040 |a DLC  |c DLC  |d TXA  |d UtOrBLW 
049 |a TXAM 
050 0 0 |a HF5415.32  |b .Z94 1997 
082 0 0 |a 658.8/343  |2 21 
100 1 |a Zwerina, Klaus,  |d 1967- 
245 1 0 |a Discrete choice experiments in marketing :  |b use of priors in efficient choice designs and their application to individual preference measurement /  |c Klaus Zwerina. 
263 |a 9710 
264 1 |a Heidelberg ;  |a New York :  |b Physica-Verlag,  |c 1997. 
300 |a 173 pages :  |b illustrations ;  |c 24 cm. 
336 |a text  |b txt  |2 rdacontent 
337 |a unmediated  |b n  |2 rdamedia 
338 |a volume  |b nc  |2 rdacarrier 
490 1 |a Contributions to management science 
500 |a "With 8 figures and 12 tables." 
504 |a Includes bibliographical references (p. ). 
650 0 |a Consumers' preferences. 
830 0 |a Contributions to management science. 
948 |a C:BLW  |d 20030215 
999 |a MARS 
999 f f |s aae1132f-4c5d-3e86-8825-1ce9fce856d7  |i 625613df-abf2-399e-98c9-4acacf014516  |t 0 
952 f f |p ric  |a Texas A&M University  |b Rellis Campus  |c Joint Library Facility  |d Remote Storage  |t 0  |e HF5415.32 .Z94 1997  |h Library of Congress classification  |i unmediated -- volume  |m A14822110129 
998 f f |a HF5415.32 .Z94 1997  |t 0  |l Remote Storage